Rapport sur les progrés de la stratigraphie / (Record no. 189615)

MARC details
000 -LEADER
campo de control de longitud fija 01015nam a2200217 i 4500
001 - NÚMERO DE CONTROL
campo de control 189615
003 - IDENTIFICADOR DE NÚMERO DE CONTROL
campo de control SpMaBN
005 - FECHA Y HORA DE LA ÚLTIMA TRANSACCIÓN
campo de control 20250815110945.0
008 - DATOS DE LONGITUD FIJA--INFORMACIÓN GENERAL
campo de control de longitud fija 190703s1869 fr bf |||| | fre d
100 1# - ENTRADA PRINCIPAL--NOMBRE DE PERSONA
Nombre de persona Élie de Beaumont, Léonce,
Fechas asociadas al nombre 1798-1874
9 (RLIN) 46988
245 10 - MENCIÓN DEL TÍTULO
Título Rapport sur les progrés de la stratigraphie /
Mención de responsabilidad, etc. par M. L. Élie de Beaumont.
260 ## - PUBLICACIÓN, DISTRIBUCIÓN, ETC.
Lugar de publicación, distribución, etc. Paris :
Nombre del editor, distribuidor, etc. Lib. de L. Hachette et Cie.,
Fecha de publicación, distribución, etc. 1869.
300 ## - DESCRIPCIÓN FÍSICA
Extensión 572 p., [2] mapas pleg. ;
Dimensiones 27 cm.
490 1# - MENCIÓN DE SERIE
Mención de serie Recueil de rapports sur l'état des lettres et les progrés des sciences en France
500 ## - NOTA GENERAL
Nota general Índice.
650 #4 - PUNTO DE ACCESO ADICIONAL DE MATERIA--TÉRMINO DE MATERIA
Término de materia o nombre geográfico como elemento de entrada Estratigrafía-
Subdivisión geográfica Francia.
9 (RLIN) 167450
650 #7 - PUNTO DE ACCESO ADICIONAL DE MATERIA--TÉRMINO DE MATERIA
Término de materia o nombre geográfico como elemento de entrada Geología-
Subdivisión geográfica Francia
Fuente del encabezamiento o término
9 (RLIN) 157288
830 0# - PUNTO DE ACCESO ADICIONAL DE SERIE-TÍTULO UNIFORME
Título uniforme Recueil de rapports sur l'état des lettres et les progrés des sciences en France
9 (RLIN) 225840
852 ## - LOCALIZACIÓN
Ubicación ES-MaACL
Número de control de estantería L-32451(1)
Nota libre - Enc. cart.
-- . - Legado Federico de Botella y de Hornos
-- - Enc. en un vol. facticio, con tít. en el lomo de: Rapport sur les progrés de la stratigraphie
Holdings
Estatus retirado Estado de pérdida Estado de daño No para préstamo Colección Biblioteca de origen Biblioteca actual Ubicación en estantería Fecha de adquisición Fuente de adquisición Total de préstamos Signatura topográfica completa Código de barras Visto por última vez Precio de reemplazo Tipo de ítem Koha
        Libros del s. XIX Biblioteca del Ateneo de Madrid Biblioteca del Ateneo de Madrid Depósito 2 03/07/2019     L-32451(1) 1200970 23/02/2023 23/02/2023 Libro impreso antiguo